000 01199ngm a22003370a 4500
001 PT25336
003 AR-LpoUNG
005 20210202000354.0
007 vd cvaizq
008 191001s2002||||ag |||||||||||||||||spa d
040 _aAR-LpoUNG
_bspa
_cAR-LpoUNG
_eaacr
041 _aspa
044 _aag
082 0 _a302.5 186hij
100 1 _aCampanella, Juan José
_edir.
245 1 3 _aEl hijo de la novia
260 _aSan Luis :
_bAVH,
_c2002.
300 _aDVD (123 min.) : son., col.
505 0 _aSubtítulos en inglés, español y portugués. Fecha de estreno: agosto de 2001
520 _aRafael Belvedere es dueño de un restaurante y está agobiado por la rutina. Está separado y no le dedica tiempo ni a su hija ni a su novia ni a su madre, que padece Mal de Alzheimer. Pero la decisión de su padre de casarse por Iglesia con su madre, junto con la aparición de un amigo de la infancia, le hará replantearse su vida.
650 4 _aDESINTEGRACION DE LA FAMILIA
650 4 _aFAMILIA
650 4 _aMEDIO FAMILIAR
650 4 _aSOCIEDAD
651 4 _aArgentina
653 _aCINE ARGENTINO
653 _aDVD
653 _aVIDEOS
905 _a25336
942 _cDVD
999 _c54736
_d54736